| 000 | 00973nam a2200265Ia 4500 | ||
|---|---|---|---|
| 003 | GCL | ||
| 008 | 140319s9999 xx 000 0 ara d | ||
| 040 |
_aGCL / _cGCL |
||
| 082 | 0 | 4 |
_a928.162 _bع ش |
| 100 | 1 | _aعبدالرحمن الرافعى | |
| 245 | 1 | 0 |
_aشعراء الوطنية فى مصر : تراجمهم وشعرهم الوطنى والمناسبات التى نظموا فيها قصائدهم / _cعبدالرحمن الرافعى |
| 300 | _a288 ص | ||
| 490 |
_aالهيئة العامة للاستعلامات _v0 |
||
| 650 | 0 | 4 | _aالشعراء العرب |
| 650 | 0 | 4 | _aالادباء |
| 650 | 0 | 4 | _aحافظ ابراهيم |
| 650 | 0 | 4 | _aرفاعة الطهطاوى |
| 650 | 0 | 4 | _aمحمود سامى البارودى |
| 650 | 0 | 4 | _aالشعر العربى - مصر |
| 650 | 0 | 4 | _aالشعراء المصريون |
| 650 | 0 | 4 | _aاسماعيل صبرى |
| 650 | 0 | 4 | _aاحمد نسيم |
| 650 | 0 | 4 | _aمحمد عبدالمطلب |
| 942 |
_2ddc _cBK |
||
| 999 |
_c48842 _d48842 |
||